Animal Crossing - les Villageois Cochons [avec image] - Statistiques

Statistiques générales
  • Ce quiz a été pris 16 fois
  • Le résultat moyen est 9 sur 19
Statistiques - réponses
Par images Réponse % Correct
Jean-Bon
92%
Aaron
67%
Camille
67%
Salami
67%
Jambo
58%
Justin
50%
Lucie
50%
Pansy
50%
Rose
50%
Tirbou
50%
Bonno
42%
Boris
42%
Marjorie
42%
Porken
42%
Trufa
42%
Lydie
33%
Ganon
25%
Peguy
25%
Xavier
25%
Aucun quiz correspondant
Distribution des résultats
% des personnes avec chaque résultat
Percentile par nombre de réponses
Votre historique - résultats
Vous n’avez pas pris ce quiz